000 00403nam a22001577a 4500
020 _a93-85965-05-0
041 _aENG
100 _aR.C. Sharma
245 _aBusiness Correspondence And Report Writing
250 _aFifts Edition
260 _aIndia
_bMcgraw Hill Education private limited
_c2019
300 _a539
650 _aCompetitive Exam
700 _aKrishna Mohan
856 _uCompetitive Exam
999 _c18
_d18